Statistiken für Welche Stadt in Sachsen?

Klicken Sie hier um das Quiz zu spielen!

Allgemein

  • Dieses Quiz wurde 2.102 mal gespielt
  • Das Durchschnittsergebnis liegt bei 10 aus 20

Antwortstatistiken

BeschreibungBuchstabeStadt% Korrekt
LandeshauptstadtDDresden
100%
Einwohnerreichste StadtLLeipzig
99%
Diese Großstadt ist nach dem Fluss benannt, der durch sie verläuftCChemnitz
93%
Größte Stadt Deutschlands mit diesem AnfangsbuchstabenZZwickau
82%
Östlichste Stadt DeutschlandsGGörlitz
74%
International berühmt ist diese Mittelstadt für die Herstellung von Porzellan, das als erstes europäisches Porzellan seit 1708 hergestellt wirdMMeißen
66%
Diese Stadt ist für ihre Brauerei bekanntRRadeberg
60%
Größte Stadt des sächsischen VogtlandesPPlauen
57%
Mit der 1765 gegründeten Bergakademie ist diese Stadt Sitz der ältesten noch bestehenden technisch-montanwissenschaftlichen Universität der WeltFFreiberg
53%
Diese Stadt ist die historische Hauptstadt der Oberlausitz und das politische und kulturelle Zentrum der SorbenBBautzen
51%
Diese Stadt liegt im Dreiländereck Deutschland-Polen-TschechienZZittau
41%
In dieser Stadt findet man das Schloss SonnensteinPPirna
36%
Kreisstadt des ErzgebirgskreisesAAnnaberg-Buchholz
29%
Diese Stadt wird wegen seiner reizvollen Lage zwischen der Elbe im Süden und den Weinhängen im Norden auch "Sächsisches Nizza" genanntRRadebeul
26%
Einwohnerreichste Stadt im Landkreis Sächsische Schweiz-OsterzgebirgeFFreital
22%
Diese Stadt grenzt im Norden an die einwohnerreichste Stadt und der See, an dem sie liegt, ist nach ihr benanntMMarkkleeberg
17%
In dieser Stadt befindet sich der größte sächsische Flughafen gemessen am PassagieraufkommenSSchkeuditz
14%
Diese Stadt ist auch als "Stiefelstadt" bekanntDDöbeln
13%
Diese Stadt im Südwesten Sachsens hatte ihre Blüte zur Zeit der Hochindustrialisierung in Deutschland und war ein bedeutender Standort der TextilindustrieGGlauchau
11%
Diese Stadt wird auch Perle des Erzgebirges genanntSSchwarzenberg
9%

Verteilung der Resultate

Perzentil nach korrekt beantworteten Fragen

Anzahl Personen mit jedem Resultat

Ihre Resultats-Entwicklung

Sie haben dieses Quiz noch nicht gespielt